Ruský svět a neoeurasianismus: dvě strany jedné mince

Korene a štruktúra neoeurazianizmu. Genéza konceptu ruský svet. Geografické vrstvy neoeurazianizmu. Vzťah ruského nacionalizmu ku konceptom neoeurazianizmu a ruského sveta. Kontrast konceptov ako nástrojov praktickej politiky. Neoeurazianizmus v ruskej zahraničnej politike. Ruský svet v ruskej zahra...

Descripción completa

Guardado en:
Detalles Bibliográficos
Autor principal: Kurfürst, Jaroslav
Formato: Capítulo de libro
Lenguaje:checo
Materias:
Etiquetas: Agregar Etiqueta
Sin Etiquetas, Sea el primero en etiquetar este registro!

MARC

LEADER 00000naa a2200000 4500
001 0237314
005 20220805075857.7
041 0 |a cze 
044 |a CZ 
245 1 0 |a Ruský svět a neoeurasianismus: dvě strany jedné mince  |c Jaroslav Kurfürst 
520 |a Korene a štruktúra neoeurazianizmu. Genéza konceptu ruský svet. Geografické vrstvy neoeurazianizmu. Vzťah ruského nacionalizmu ku konceptom neoeurazianizmu a ruského sveta. Kontrast konceptov ako nástrojov praktickej politiky. Neoeurazianizmus v ruskej zahraničnej politike. Ruský svet v ruskej zahraničnej politike. Zhrnutie a porovnanie neoeurazianizmu a ruského sveta. 
610 2 0 |a politika zahraničná 
610 2 0 |a vzťahy medzinárodné 
610 2 0 |a geografia 
610 2 0 |a ideológia 
610 2 0 |a geopolitika 
610 2 0 |a Ázia 
610 2 0 |a Rusko 
100 1 |a Kurfürst, Jaroslav